000 00796nam a2200193 a 4500
001 000046855
005 20201002053147.0
008 110224s2016 dr a 000 0 spa d
040 _aDO-SdBNP
_bspa
_cBNPHU
082 _axxx
_bxxx
100 1 _aTamariz Cerda, José Nicodemes
_974802
245 1 0 _aEpoca de oro del hipismo dominicano /
_cJosé Nicodemes Tamariz Cerda; prólogo Alonso Calcaño.
246 1 0 _aEpoca de oro del hipismo dominicano :
_bes mi historia en le hipódromo "Perla Antillana" como dueño de caballos de carreras pura sangre /
260 _aSanto Domingo :
_bDominicana,
_c2016.
300 _a65 P. :
_bil. ;
_c21 cm.
590 _aLa biblioteca posee 3 ejemplares autografiados por el autor.
590 _aInventariado, 2018/ YL
700 1 2 _aCalcaño, Alonso
_eprol.
_974803
999 _c46344
_d46344